000 00289nam a22001217a 4500
008 170605b xxu||||| |||| 00| 0 eng d
041 _aeng
080 _a94
100 _a18
101 _aSHH
245 _aSOURCES IN THE HISTORY THE MODERN MIDLE EAST
_cKHATER.A.F
942 _2udc
_cBK
999 _c15876
_d15876